| 000 | 01404nam a22002417a 4500 | ||
|---|---|---|---|
| 999 |
_c174996 _d174996 |
||
| 005 | 20200731142906.0 | ||
| 010 | _aB-734571-575 | ||
| 020 |
_a9788190483421 _c495.00 |
||
| 035 | _aB-734571-575 | ||
| 037 | _bएक्सप्रेस बुक्स | ||
| 082 | _a929.8154 | ||
| 100 | _aरामपाल सिंह | ||
| 245 |
_aपरमवीर चक्र विजेता / _cरामपाल सिंह एवं बिमला देवी _b |
||
| 246 |
_aParamveer chakra vijeta _bby Rampal Singh and Vimla devi |
||
| 260 |
_aदिल्ली _bएक्सप्रेस बुक्स _c2017 |
||
| 270 |
_a1376, सैकेंड फ्लोर, निकट इंडियन बैंक,कश्मीरी गेट, _bदिल्ली _e110006 _k _l _m |
||
| 300 |
_a200पृ: _c22सेमी सजिल्द) _bसचित्र |
||
| 650 |
_aपुरस्कार _x _z भारत |
||
| 650 |
_aपरमवीर चक्र _x _z |
||
| 700 |
_aबिमला देवी _926150 |
||
| 942 |
_2ddc _cHN _h929.8154 _mरामपा |
||